000 00492nam a2200145Ia 4500
005 20260209120127.0
008 260209s9999||||xx |||||||||||||| ||und||
100 _aSaurav Samal
245 0 _aHumanitarian intervention under international law
260 _aBangaloreBangalore
_bNLSIU
_c2009
300 _a85 p. ; 25 cm.
650 _aHumanitarian Intervention - Future
700 _aProf. H K Nagaraj - GuideProf. H K Nagaraj - Guide
856 _uhttps://dans.nls.ac.in/handle/123456789/2012
999 _c216890
_d216890